000 00947nam a2200229 a 4500
003 0
005 20250310162443.0
008 080827s19uu xx 00 eng d
050 _aPGS QR 82.A445
_b.Al357 2008
100 _aAlday, Krizia Mikaela E.
245 _aEffects of the different length of storage on the antifungal efficiency of garlic and ginger extract against Candida albicans /
_cKrizia Mikaela E. Alday.
260 _aLas PiƱas City, Philippines :
_bSouthville International School and Colleges,
_c2008.
300 _a32 pages :
_billustrations ;
_c28 cm.
504 _aIncludes bibliographical references.
650 _aGarlic
_vAntifungal properties.
650 _aGinger
_vAntifungal properties.
650 _aPlant extracts
_vStorage effects.
650 _aCandida albicans
_vDrug effects.
650 _aMicrobial sensitivity tests.
650 _aHerbal medicine
_vPharmacological aspects.
942 _2lcc
_cPASS
999 _c98038
_d98038